| 000 | 00505cam a2200181ua 4500 | ||
|---|---|---|---|
| 041 |
_aeng _h |
||
| 082 |
_a928.23 _bGAS/LI |
||
| 100 | _aGaskell, Elizabeth Cleghorn . | ||
| 245 |
_aLife of CharlotteBronte / _cElizabeth cleghorn Gaskell. _hTextual Documents |
||
| 260 |
_aLondon : _bJ M Dent and Sons Ltd , _c1960. |
||
| 300 | _a419 ; . | ||
| 440 | 0 |
_aEveryman`s library, _v318 _x; |
|
| 490 | 0 |
_aEveryman`s library, _v318 _x; |
|
| 504 | _a | ||
| 942 | _cBK | ||
| 999 |
_c647 _d647 |
||